<?xml version="1.0" encoding="UTF-8"?>
<record
    xmlns:xsi="http://www.w3.org/2001/XMLSchema-instance"
    xsi:schemaLocation="http://www.loc.gov/MARC21/slim http://www.loc.gov/standards/marcxml/schema/MARC21slim.xsd"
    xmlns="http://www.loc.gov/MARC21/slim">

  <leader>01058nam a2200277 a 4500</leader>
  <controlfield tag="005">20160302171936.0</controlfield>
  <controlfield tag="008">870506s1987    ck a    r     00110dspa d</controlfield>
  <datafield tag="020" ind1=" " ind2=" ">
    <subfield code="a">958060228X</subfield>
  </datafield>
  <datafield tag="040" ind1=" " ind2=" ">
    <subfield code="a">CO-BoBLA </subfield>
    <subfield code="c">CO-BoBLA</subfield>
    <subfield code="d">CO-BoIAVH</subfield>
  </datafield>
  <datafield tag="041" ind1="0" ind2=" ">
    <subfield code="a">spa</subfield>
  </datafield>
  <datafield tag="044" ind1=" " ind2=" ">
    <subfield code="a">ck</subfield>
  </datafield>
  <datafield tag="082" ind1="0" ind2="4">
    <subfield code="a">330.985 </subfield>
    <subfield code="b">S67o </subfield>
  </datafield>
  <datafield tag="100" ind1="1" ind2=" ">
    <subfield code="a">Soto, Hernando de, </subfield>
    <subfield code="d">1941-</subfield>
  </datafield>
  <datafield tag="245" ind1="1" ind2="3">
    <subfield code="a">El otro sendero : </subfield>
    <subfield code="b">la revoluci&#xF3;n informal / </subfield>
    <subfield code="c">Hernando de Soto ; en colaboraci&#xF3;n con Enrique Ghersi ; Mario Ghibellini y el Instituto Libertad y Democracia (ILD) ; pr&#xF3;logo de Mario Vargas Llosa.</subfield>
  </datafield>
  <datafield tag="250" ind1=" " ind2=" ">
    <subfield code="a">Quinta edici&#xF3;n</subfield>
  </datafield>
  <datafield tag="260" ind1=" " ind2=" ">
    <subfield code="a">Bogot&#xE1; : </subfield>
    <subfield code="b">Editorial La Oveja Negra, </subfield>
    <subfield code="c">1987.</subfield>
  </datafield>
  <datafield tag="300" ind1=" " ind2=" ">
    <subfield code="a">xxxvi, 317 p&#xE1;ginas : </subfield>
    <subfield code="b">Ilustraciones ;</subfield>
    <subfield code="c">24 x 15 cm.</subfield>
  </datafield>
  <datafield tag="504" ind1=" " ind2=" ">
    <subfield code="a"> </subfield>
  </datafield>
  <datafield tag="650" ind1="2" ind2="6">
    <subfield code="a">Econom&#xED;a informal</subfield>
    <subfield code="z"> Per&#xFA;.</subfield>
  </datafield>
  <datafield tag="651" ind1="2" ind2="6">
    <subfield code="a">Per&#xFA;</subfield>
    <subfield code="x"> Condiciones econ&#xF3;micas.</subfield>
  </datafield>
  <datafield tag="700" ind1="1" ind2=" ">
    <subfield code="a">Ghersi, Enrique.</subfield>
  </datafield>
  <datafield tag="700" ind1="1" ind2=" ">
    <subfield code="a">Ghibellini, Mario.</subfield>
  </datafield>
  <datafield tag="700" ind1="1" ind2=" ">
    <subfield code="a">Vargas Llosa, Mario, </subfield>
    <subfield code="d">1936-</subfield>
  </datafield>
  <datafield tag="710" ind1="2" ind2=" ">
    <subfield code="a">Instituto Libertad y Democracia </subfield>
    <subfield code="c">(Lima)</subfield>
  </datafield>
  <datafield tag="942" ind1=" " ind2=" ">
    <subfield code="2">ddc</subfield>
    <subfield code="c">LIBRO</subfield>
  </datafield>
  <datafield tag="999" ind1=" " ind2=" ">
    <subfield code="c">4251</subfield>
    <subfield code="d">4251</subfield>
  </datafield>
  <datafield tag="952" ind1=" " ind2=" ">
    <subfield code="0">0</subfield>
    <subfield code="1">0</subfield>
    <subfield code="2">ddc</subfield>
    <subfield code="4">0</subfield>
    <subfield code="7">0</subfield>
    <subfield code="8">GENERAL</subfield>
    <subfield code="I">INV2017</subfield>
    <subfield code="a">Bogota</subfield>
    <subfield code="b">Bogota</subfield>
    <subfield code="d">2005-01-17</subfield>
    <subfield code="e">Amazon</subfield>
    <subfield code="g">50000.00</subfield>
    <subfield code="l">0</subfield>
    <subfield code="o">LB-330.985  S67o</subfield>
    <subfield code="p">017029</subfield>
    <subfield code="r">2012-12-04 00:00:00</subfield>
    <subfield code="t">Ej. 1</subfield>
    <subfield code="w">2012-12-04</subfield>
    <subfield code="x">Donaci&#xF3;n</subfield>
    <subfield code="y">LIBRO</subfield>
  </datafield>
</record>
